000 00319nam a2200133Ia 4500
005 20251222155127.0
008 251222s9999||||xx |||||||||||||| ||spa||
082 _aINV. 01.2/Ej.2
100 _aPOLIT/ HUNGLER.
245 0 _aInvestigación Científica
250 _a2da. ed.
264 _bInteramericana
942 _cLIB
999 _c38649
_d38649